Statistics for Countries With The Most Indigenous Ancestry

Click here to take the quiz!

General Stats

  • This quiz has been taken 105 times
    (87 since last reset)
  • The average score is 9 of 12

Answer Stats

%Country% Correct
86Peru
89%
93Bolivia
87%
83Mexico
87%
53Colombia
81%
95Guatemala
80%
81Ecuador
77%
91El Salvador
77%
93Honduras
77%
74Paraguay
77%
47Venezuela
76%
87Nicaragua
71%
66Belize
68%

Score Distribution

Percentile by Number Answered

Percent of People with Each Score

Your Score History

You have not taken this quiz since the last reset